Dawne nazwy obecnych państw. - Statystyki

Ogólne statystyki
  • Ten quiz został rozwiązany 28 razy
  • Średni wynik to 7 z 12
Statystyki odpowiedzi
Kiedyś Dzisiaj % Poprawnych
Birma Mjanma
85%
Gujana Holenderska Surinam
81%
Suazi Eswatini
67%
Zair Demokratyczna Republika Konga
63%
Kampucza Kambodża
63%
Honduras Brytyjski Belize
56%
Syjam Tajlandia
56%
Rodezja Północna Zambia
52%
Rodezja Zimbabwe
52%
Górna Wolta Burkina Faso
41%
Dahomej Benin
33%
Beczuana Botswana
22%
Nie znaleziono quizów pasujących do podanych kryteriów
Rozkład punktacji
Procent ludzi z każdym wynikiem
Percentyl według liczby udzielonych odpowiedzi
Twoja historia wyników
Nie rozwiązałeś tego quizu